| 000 | 00754nam a22001937a 4500 | ||
|---|---|---|---|
| 999 |
_c148973 _d148973 |
||
| 005 | 20210408162755.0 | ||
| 010 | _aUR-10008 | ||
| 020 |
_c500.00 _a- |
||
| 035 | _aU-8563 | ||
| 037 | _bDBAD/PUB | ||
| 100 | _aمسعود جا و ید ہا شمی | ||
| 245 |
_a نقش قد م (مکمل مجمو عہ ء سخن) _cمسعود جا و ید ہا شمی |
||
| 246 |
_bNaqsh-e-Qadam _aby Masood Javed Hashmi |
||
| 260 |
_aN. Delhi _bMurkazi Maktaba Islami Publishers _c2016 |
||
| 270 |
_a307-Abul Fazal Enclave,Jamia Nagar _bN.Delhi _e110025 _k26970736 _l- |
||
| 300 |
_a605ص _c22 Cm.(B.b) |
||
| 500 | _aدو حصہ | ||
| 942 |
_2ddc _cUR _h841 _mہ ا ش |
||